| 000 | 01019cam a2200289 4500 | ||
|---|---|---|---|
| 008 | 090401t1994 xxu||||| |||| 00| 0 eng d | ||
| 020 | _a0117529036 | ||
| 035 | _a(Sirsi) u71728 | ||
| 041 | _aeng | ||
| 050 | _a711.1094 | ||
| 110 |
_aUnited Kingdom _bDepartment of the Environment _9982 |
||
| 245 | _aIntegrated planning and granting of permits in the EC. | ||
| 260 |
_aLondon _bHMSO _c1994 |
||
| 300 | _a197p. ; 29cm. | ||
| 350 | _a39 | ||
| 520 | _aReport, commissioned by the DoE, which examines development-related forward planning systems and the granting of consents in France, Germany, the Netherlands and Spain and compares them with the system in England and Wales. | ||
| 650 | _aEUROPEAN COMMUNITY | ||
| 650 | _aFORWARD PLANNING SYSTEMS | ||
| 650 | _aPLANNING CONSENT | ||
| 650 | _aPLANNING PERMISSION | ||
| 690 | _aPLANNING LAW AND PRACTICE | ||
| 710 |
_aGMA Planning _92705 |
||
| 710 |
_aP-E International _92707 |
||
| 710 |
_aJaques and Lewis _92711 |
||
| 942 | _n0 | ||
| 948 | _c04/03/1997 | ||
| 999 |
_c95429 _d95429 |
||